[Event "Basel Easter op"]
[Site "Basel"]
[Date "2024.03.31"]
[Round "6"]
[White "Fischer, Daniel1"]
[Black "Poysti, Nathanael Nicolai"]
[Result "1-0"]
[WhiteElo "2352"]
[BlackElo "2197"]
[PlyCount "67"]
[EventDate "2024.03.28"]
[EventType "swiss"]
[EventRounds "9"]
[EventCountry "SUI"]
[SourceTitle "CB14_2024"]
[SourceDate "2024.04.01"]
[SourceVersion "1"]
[SourceVersionDate "2024.04.01"]
[SourceQuality "1"]

1. e4 c6 2. d4 d5 3. e5 Bf5 4. Nf3 e6 5. Be2 c5 6. 0-0 Nc6 7. c3 cxd4 8. Nxd4 Bg6 9. Bb5 Nge7 10. Bg5 Qd7 11. Re1 h6 12. Bf4 a6 13. Bf1 Nxd4 14. cxd4 Nc6 15. Nc3 Bb4 16. Rc1 0-0 17. a3 Bxc3 18. Rxc3 Na5 19. Qd2 Nc4 20. Bxc4 dxc4 21. Bxh6 Rfd8 22. Rd1 Qd5 23. Bg5 Rd7 24. Rh3 Qe4 25. Bf6 Bh7 26. Rg3 Bg6 27. Rh3 Bh7 28. Qg5 Qg6 29. Qc1 Qe4 30. Re1 Qc2 31. Rg3 Qxc1 32. Rxg7+ Kf8 33. Rxc1 Bg6 34. h4 1-0

[Event "Budapest One Week IM-B 02"]
[Site "Budapest"]
[Date "2024.02.27"]
[Round "2"]
[White "Skytte, Rasmus"]
[Black "Poysti, Nathanael Nicolai"]
[Result "1/2-1/2"]
[WhiteElo "2350"]
[BlackElo "2182"]
[PlyCount "120"]
[EventDate "2024.02.26"]
[EventType "tourn"]
[EventRounds "9"]
[EventCountry "HUN"]
[EventCategory "1"]
[SourceTitle "CB11_2024"]
[SourceDate "2024.03.13"]
[SourceVersion "1"]
[SourceVersionDate "2024.03.13"]
[SourceQuality "1"]

1. d4 Nf6 2. c4 e6 3. Nc3 d5 4. Bg5 dxc4 5. e3 c5 6. Bxf6 Qxf6 7. d5 a6 8. Nf3 exd5 9. Nxd5 Qd8 10. a4 Be6 11. Bxc4 Nc6 12. 0-0 g6 13. Qe2 Bg7 14. Nf4 Bxc4 15. Qxc4 0-0 16. Qxc5 Qa5 17. Qa3 Rac8 18. Rad1 b5 19. axb5 Qxb5 20. b3 Rb8 21. h4 a5 22. Rc1 Rfc8 23. Rc4 Ne5 24. Rxc8+ Rxc8 25. Nd4 Qc5 26. Qa4 Nc6 27. Nxc6 Rxc6 28. Rd1 Rd6 29. Rxd6 Qxd6 30. Qxa5 Qd1+ 31. Kh2 Qxb3 32. Qd8+ Bf8 33. Nd5 Qa3 34. Nf6+ Kg7 35. Ne8+ Kg8 36. Qd4 Qa2 37. Nf6+ Kg7 38. h5 Qe6 39. h6+ Kh8 40. Nd7+ Kg8 41. Nf6+ Kh8 42. Nd7+ Kg8 43. Nxf8 Kxf8 44. Qd8+ Qe8 45. Qf6 Qe6 46. Qd8+ Qe8 47. Qd4 Qe6 48. g3 Ke7 49. Qb4+ Kf6 50. Qd4+ Ke7 51. Kg1 g5 52. Qc5+ Kf6 53. f4 gxf4 54. exf4 Qe1+ 55. Kg2 Qe2+ 56. Kh1 Qe1+ 57. Kh2 Qe2+ 58. Kh3 Qf1+ 59. Kh4 Qh1+ 60. Kg4 Qd1+ 1/2-1/2

[Event "Malopolska-ch"]
[Site "Krakow"]
[Date "2023.06.10"]
[Round "6"]
[White "Licznerski, Lukasz"]
[Black "Poysti, Nathanael Nicolai"]
[Result "1/2-1/2"]
[WhiteElo "2460"]
[BlackElo "2131"]
[PlyCount "59"]
[EventDate "2023.06.08"]
[EventType "swiss"]
[EventRounds "7"]
[EventCountry "POL"]
[SourceTitle "CBM 214 Extra"]
[Source "ChessBase"]
[SourceDate "2023.07.31"]
[SourceVersion "1"]
[SourceVersionDate "2023.07.31"]
[SourceQuality "1"]

1. e4 c5 2. Nf3 d6 3. d4 cxd4 4. Qxd4 Nc6 5. Bb5 a6 6. Bxc6+ bxc6 7. 0-0 e5 8. Qd3 Qc7 9. c4 Be7 10. Nc3 Nf6 11. c5 dxc5 12. Na4 0-0 13. Be3 Rd8 14. Qc2 Rd4 15. Bxd4 cxd4 16. Rac1 Bd7 17. Nc5 Bg4 18. Nd2 a5 19. Rfe1 Nh5 20. h3 Bc8 21. Nf3 Nf4 22. Nd3 Nxd3 23. Qxd3 Ba6 24. Qc2 c5 25. b3 Rc8 26. Nd2 Bg5 27. Rcd1 Bxd2 28. Rxd2 Qb6 29. Rc1 Qb7 30. f3 1/2-1/2

[Event "Heusenstamm Schloss op"]
[Site "Heusenstamm"]
[Date "2022.11.19"]
[Round "5"]
[White "Kleibel, Uwe"]
[Black "Poysti, Nathanael Nicolai"]
[Result "1/2-1/2"]
[WhiteElo "2238"]
[BlackElo "2087"]
[PlyCount "98"]
[EventDate "2022.11.17"]
[EventType "swiss"]
[EventRounds "7"]
[EventCountry "GER"]
[SourceTitle "CBM 211 Extra"]
[Source "ChessBase"]
[SourceDate "2023.01.31"]
[SourceVersion "1"]
[SourceVersionDate "2023.01.31"]
[SourceQuality "1"]

1. d4 Nf6 2. Nf3 e6 3. Bf4 d5 4. e3 Bd6 5. Nbd2 0-0 6. c3 b6 7. Bd3 Bxf4 8. exf4 Ba6 9. Bxa6 Nxa6 10. Qe2 Qc8 11. 0-0 c5 12. Rfe1 Qb7 13. g3 Rac8 14. Rad1 Nb8 15. Nf1 Nc6 16. Ne3 cxd4 17. Nxd4 Rfe8 18. Nec2 Na5 19. Nf3 b5 20. a3 Nc4 21. Ncd4 a5 22. Ne5 Ne4 23. f3 Nc5 24. Nd3 h6 25. Nxc5 Rxc5 26. Qf2 Rcc8 27. Re2 Rb8 28. h4 Qd7 29. Ra1 Rec8 30. g4 Nd6 31. Kg2 Rc4 32. Rd2 Qd8 33. g5 g6 34. h5 hxg5 35. hxg6 gxf4 36. gxf7+ Kxf7 37. Rh1 Qg5+ 38. Kf1 Rg8 39. Rh7+ Kf6 40. Nxe6 Kxe6 41. Re2+ Kf6 42. Qa7 Rg7 43. Rxg7 Qxg7 44. Re6+ Kxe6 45. Qxg7 a4 46. Qg4+ Ke5 47. Qd7 d4 48. cxd4+ Rxd4 49. Ke2 Kd5 1/2-1/2

[Event "Riga Tech op 11th"]
[Site "Riga"]
[Date "2022.08.16"]
[Round "2"]
[White "Abergel, Thal"]
[Black "Poysti, Nathanael Nicolai"]
[Result "1-0"]
[WhiteElo "2408"]
[BlackElo "2132"]
[PlyCount "203"]
[EventDate "2022.08.15"]
[EventType "swiss"]
[EventRounds "9"]
[EventCountry "LAT"]
[SourceTitle "CBM 209 Extra"]
[Source "ChessBase"]
[SourceDate "2022.09.30"]
[SourceVersion "1"]
[SourceVersionDate "2022.09.30"]
[SourceQuality "1"]

1. Nf3 c5 2. e4 d6 3. Nc3 e5 4. Bc4 Be7 5. d3 Nc6 6. Nd5 Nf6 7. Nxf6+ Bxf6 8. c3 0-0 9. h3 Rb8 10. a4 a6 11. Be3 Re8 12. g4 Be6 13. Bd5 g6 14. Bxe6 Rxe6 15. h4 b6 16. h5 d5 17. hxg6 hxg6 18. Bh6 dxe4 19. dxe4 Qxd1+ 20. Kxd1 c4 21. Kc2 Rd6 22. Be3 Na5 23. Rad1 Re6 24. Rd5 Nc6 25. Rhd1 Be7 26. Nd2 b5 27. axb5 axb5 28. f3 Bd8 29. Ra1 Bb6 30. Bxb6 Rxb6 31. Ra8+ Kg7 32. g5 f6 33. Rd7+ Re7 34. Rxe7+ Nxe7 35. Ra7 Kf7 36. Nf1 fxg5 37. Ne3 Rb8 38. Nd5 Re8 39. Rb7 Kf8 40. Nf6 Rd8 41. Nd7+ Kf7 42. Nxe5+ Ke6 43. Rxe7+ Kxe7 44. Nc6+ Ke8 45. Nxd8 Kxd8 46. Kd2 Kd7 47. Ke3 Ke6 48. Kd4 Kd6 49. e5+ Kc6 50. e6 Kd6 51. e7 Kxe7 52. Kc5 Ke6 53. Kxb5 Kd5 54. Kb4 Ke5 55. Kxc4 Kf4 56. b4 Kxf3 57. b5 g4 58. b6 g3 59. b7 g2 60. b8Q g1Q 61. Qb7+ Kf4 62. Qf7+ Ke5 63. Qd5+ Kf4 64. Qd6+ Ke4 65. Qd3+ Kf4 66. Kb5 g5 67. c4 Qa7 68. Qd6+ Ke4 69. Qd5+ Kf4 70. c5 g4 71. c6 g3 72. Qc4+ Kf3 73. Qd3+ Kf2 74. Qf5+ Ke2 75. Qg4+ Kf2 76. Qf4+ Kg2 77. c7 Qb7+ 78. Kc5 Qa7+ 79. Kc6 Qa6+ 80. Kd7 Qb5+ 81. Ke7 Qe2+ 82. Kf8 Qe6 83. Qd2+ Kh3 84. Qc3 Qc8+ 85. Ke7 Kh2 86. Qe5 Kh1 87. Qh5+ Kg1 88. Qd1+ Kh2 89. Qd8 Qh3 90. c8Q Qh7+ 91. Kd6 Qd3+ 92. Kc7 Qc3+ 93. Kb7 Qb4+ 94. Qb6 Qe4+ 95. Qcc6 Qh7+ 96. Ka6 Qd3+ 97. Qbb5 Qa3+ 98. Qa4 Qd3+ 99. Kb7 Qh7+ 100. Kb6 g2 101. Qf4+ Kh1 102. Qf1+ 1-0

[Event "Cattolica d'Estate op-A 2nd"]
[Site "Cattolica"]
[Date "2022.05.31"]
[Round "2"]
[White "Aslanov, Umid Fuad"]
[Black "Poysti, Nathanael Nicolai"]
[Result "1-0"]
[WhiteElo "2281"]
[BlackElo "2173"]
[PlyCount "53"]
[EventDate "2022.05.30"]
[EventType "swiss"]
[EventRounds "9"]
[EventCountry "ITA"]
[SourceTitle "EXT 2023"]
[Source "ChessBase"]
[SourceDate "2022.10.05"]
[SourceVersion "1"]
[SourceVersionDate "2022.10.05"]
[SourceQuality "1"]

1. e4 e5 2. Nf3 Nc6 3. Bc4 Bc5 4. 0-0 Nf6 5. d3 0-0 6. c3 d6 7. h3 a5 8. Bb3 Ba7 9. Re1 Be6 10. Bc2 h6 11. d4 exd4 12. cxd4 d5 13. e5 Ne4 14. Nc3 f5 15. exf6 Nxc3 16. bxc3 Rxf6 17. Nh4 Qd7 18. f4 Ne7 19. Qd3 g6 20. Qg3 Kf7 21. f5 gxf5 22. Bd1 Rg8 23. Bh5+ Kf8 24. Qe5 Kg7 25. Bxh6+ Kxh6 26. Qxf6+ Kxh5 27. Rxe6 1-0

[Event "Chania Theodorakis Memorial 1st"]
[Site "Chania"]
[Date "2022.04.28"]
[Round "6"]
[White "Poysti, Nathanael Nicolai"]
[Black "Leenhouts, Koen"]
[Result "0-1"]
[WhiteElo "2190"]
[BlackElo "2417"]
[PlyCount "104"]
[EventDate "2022.04.25"]
[EventType "swiss"]
[EventRounds "9"]
[EventCountry "GRE"]
[SourceTitle "CBM 208 Extra"]
[Source "ChessBase"]
[SourceDate "2022.07.31"]
[SourceVersion "1"]
[SourceVersionDate "2022.07.31"]
[SourceQuality "1"]

1. c4 g6 2. Nc3 c5 3. g3 Bg7 4. Bg2 Nc6 5. d3 e6 6. e4 Nge7 7. Nge2 b6 8. 0-0 Bb7 9. d4 cxd4 10. Nb5 0-0 11. Nbxd4 Nxd4 12. Nxd4 Rc8 13. b3 d5 14. exd5 exd5 15. Ba3 Rc7 16. cxd5 Bxd5 17. Bxd5 Qxd5 18. Nf3 Bxa1 19. Qxd5 Nxd5 20. Bxf8 Kxf8 21. Rxa1 Rc2 22. Rd1 Nc3 23. Rd7 Rxa2 24. Ng5 Ke8 25. Rb7 f6 26. Nxh7 Nd5 27. h4 Ra3 28. g4 a5 29. h5 gxh5 30. gxh5 Rxb3 31. Kh2 Rf3 32. Kg2 Rf5 33. h6 Rh5 34. Nxf6+ Nxf6 35. Rxb6 Kf7 36. Ra6 Rf5 37. Kf1 Kg6 38. Ke2 Kxh6 39. Kd3 Kg5 40. Kc4 Ne4 41. Ra7 Kf4 42. Kb3 Rb5+ 43. Ka3 Ke5 44. Rc7 Nc5 45. Rc8 Kd4 46. f4 Kc4 47. f5 Rb3+ 48. Ka2 Rf3 49. Rf8 Ne4 50. Rc8+ Kb4 51. Rb8+ Ka4 52. Rf8 Rb3 0-1

[Event "Fagernes op"]
[Site "Fagernes"]
[Date "2022.04.15"]
[Round "7"]
[White "Kvaloy, Aksel Bu"]
[Black "Poysti, Nathanael Nicolai"]
[Result "1-0"]
[WhiteElo "2330"]
[BlackElo "2190"]
[PlyCount "61"]
[EventDate "2022.04.10"]
[EventType "swiss"]
[EventRounds "9"]
[EventCountry "NOR"]
[SourceTitle "CBM 207 Extra"]
[Source "ChessBase"]
[SourceDate "2022.05.31"]
[SourceVersion "1"]
[SourceVersionDate "2022.05.31"]
[SourceQuality "1"]

1. e4 e5 2. Nf3 Nc6 3. Bb5 a6 4. Ba4 Nf6 5. 0-0 Nxe4 6. d4 b5 7. Bb3 d5 8. dxe5 Be6 9. c3 Be7 10. Nbd2 0-0 11. Bc2 f5 12. exf6 Nxf6 13. Re1 Bg4 14. Nf1 Bc5 15. Bg5 Qd7 16. Bb3 Na5 17. Bxf6 Nxb3 18. Qxb3 gxf6 19. Nd4 c6 20. Ne3 Be6 21. Rad1 Rfe8 22. Qc2 Bf7 23. Qe2 Re4 24. Qf3 Bxd4 25. Rxd4 Qe6 26. Rxe4 dxe4 27. Qf4 Bg6 28. a3 Rd8 29. h4 Qd6 30. Qg4 Qd7 31. Rd1 1-0

[Event "Fagernes op"]
[Site "Fagernes"]
[Date "2022.04.11"]
[Round "2"]
[White "Poysti, Nathanael Nicolai"]
[Black "Lye, Sverre"]
[Result "1/2-1/2"]
[WhiteElo "2190"]
[BlackElo "1994"]
[PlyCount "100"]
[EventDate "2022.04.10"]
[EventType "swiss"]
[EventRounds "9"]
[EventCountry "NOR"]
[SourceTitle "CBM 207 Extra"]
[Source "ChessBase"]
[SourceDate "2022.05.31"]
[SourceVersion "1"]
[SourceVersionDate "2022.05.31"]
[SourceQuality "1"]

1. c4 e5 2. Nc3 Nf6 3. Nf3 Nc6 4. e4 Bb4 5. d3 d6 6. a3 Bxc3+ 7. bxc3 h6 8. g3 0-0 9. Bg2 a6 10. Rb1 Rb8 11. 0-0 b5 12. cxb5 axb5 13. Nh4 Re8 14. Nf5 d5 15. Be3 dxe4 16. dxe4 Qxd1 17. Rfxd1 Be6 18. f3 Na5 19. Bf1 Nb3 20. Rb2 c5 21. Be2 c4 22. Nd6 Red8 23. f4 Rxd6 24. Rxd6 Nxe4 25. Rb6 Rxb6 26. Bxb6 Nxc3 27. Be3 Bf5 28. fxe5 Na4 29. Ra2 Bb1 30. Rd2 Nxd2 31. Bxd2 Nc5 32. Kf2 Ne4+ 33. Ke3 Nxd2 34. Kxd2 Kf8 35. Bf3 Ke7 36. Bc6 Ke6 37. Bxb5 Kxe5 38. Bxc4 f5 39. Ke3 Bc2 40. Bb5 Be4 41. a4 g5 42. a5 f4+ 43. gxf4+ gxf4+ 44. Kf2 Bb7 45. Be2 Kd4 46. Bf3 Ba6 47. h4 Ke5 48. Ba8 Bb5 49. Bb7 Kf5 50. Kf3 Bc4 1/2-1/2

[Event "Fagernes op"]
[Site "Fagernes"]
[Date "2022.04.10"]
[Round "1"]
[White "Can, Emre"]
[Black "Poysti, Nathanael Nicolai"]
[Result "1-0"]
[WhiteElo "2578"]
[BlackElo "2190"]
[PlyCount "73"]
[EventDate "2022.04.10"]
[EventType "swiss"]
[EventRounds "9"]
[EventCountry "NOR"]
[SourceTitle "CBM 207 Extra"]
[Source "ChessBase"]
[SourceDate "2022.05.31"]
[SourceVersion "1"]
[SourceVersionDate "2022.05.31"]
[SourceQuality "1"]

1. e4 e5 2. Nf3 Nc6 3. Bc4 Bc5 4. c3 Nf6 5. d3 d6 6. a4 a5 7. 0-0 0-0 8. h3 h6 9. Re1 Ba7 10. Nbd2 Be6 11. Bb5 Ne7 12. d4 Ng6 13. Nf1 c6 14. Bd3 Nh5 15. Bc2 exd4 16. Nxd4 Nhf4 17. Qf3 Bxd4 18. cxd4 Qh4 19. Ng3 d5 20. Nf5 dxe4 21. Nxh4 exf3 22. Nxg6 Ne2+ 23. Rxe2 fxe2 24. Ne7+ Kh8 25. Be3 Rfe8 26. Nf5 Bxf5 27. Bxf5 Rad8 28. Bg4 Rxd4 29. Bxe2 Rb4 30. Ra2 Ree4 31. Bd1 f5 32. Bc2 Re5 33. Bd2 Re2 34. Bxb4 axb4 35. b3 Re1+ 36. Kh2 f4 37. Bd3 1-0

[Event "Heusenstamm Sparkassen op-A 7th"]
[Site "Heusenstamm"]
[Date "2021.11.21"]
[Round "6.19"]
[White "Poysti, Nathanael Nicolai"]
[Black "Bashylina, Luisa"]
[Result "1-0"]
[WhiteElo "2192"]
[BlackElo "1916"]
[PlyCount "59"]
[EventDate "2021.11.18"]
[EventType "swiss"]
[EventRounds "7"]
[EventCountry "GER"]
[SourceTitle "EXT 2023"]
[Source "ChessBase"]
[SourceDate "2022.10.05"]
[SourceVersion "1"]
[SourceVersionDate "2022.10.05"]
[SourceQuality "1"]

1. e4 c5 2. c4 e5 3. Nc3 Nc6 4. g3 g6 5. Bg2 Bg7 6. Nge2 Nge7 7. d3 d6 8. 0-0 0-0 9. a3 Be6 10. Rb1 f5 11. Nd5 Bxd5 12. cxd5 Nd4 13. Nxd4 cxd4 14. Qb3 Qd7 15. f4 Kh8 16. Bd2 Rac8 17. Rbc1 Rxc1 18. Rxc1 fxe4 19. dxe4 Bh6 20. Rf1 Nc8 21. Qd3 Bg7 22. f5 Ne7 23. g4 b6 24. h4 a5 25. Kh2 a4 26. g5 gxf5 27. exf5 Nxf5 28. Bh3 e4 29. Qxe4 Be5+ 30. Kg2 1-0

[Event "Budapest FS08 IM"]
[Site "Budapest"]
[Date "2020.09.15"]
[Round "9"]
[White "Radnai, Adam"]
[Black "Poysti, Nathanael Nicolai"]
[Result "1/2-1/2"]
[WhiteElo "2316"]
[BlackElo "2242"]
[PlyCount "89"]
[EventDate "2020.09.05"]
[EventType "tourn"]
[EventRounds "9"]
[EventCountry "HUN"]
[EventCategory "1"]
[SourceTitle "EXT 2021"]
[Source "ChessBase"]
[SourceDate "2020.10.23"]
[SourceVersion "1"]
[SourceVersionDate "2020.10.23"]
[SourceQuality "1"]

1. d4 Nf6 2. Nf3 e6 3. Bf4 d5 4. e3 Bd6 5. Nbd2 0-0 6. Bd3 b6 7. Bg3 Bb7 8. Ne5 c5 9. c3 Qc7 10. f4 Ne4 11. Bxe4 dxe4 12. Nec4 f5 13. Nxd6 Qxd6 14. Nc4 Qd5 15. Ne5 cxd4 16. Qxd4 Nc6 17. Nxc6 Qxc6 18. Rd1 Ba6 19. Bh4 Bd3 20. Rc1 Rf7 21. c4 Qa4 22. c5 Qa5+ 23. Qc3 Qxa2 24. cxb6 Rb7 25. Qa3 Qxa3 26. bxa3 axb6 27. Rc3 Rba7 28. Kf2 Rxa3 29. Rxa3 Rxa3 30. Rc1 Ra2+ 31. Kg1 Bc2 32. Be1 Kf7 33. Bc3 b5 34. Ra1 Rxa1+ 35. Bxa1 b4 36. Kf2 h6 37. h4 Bd3 38. g3 g6 39. Ke1 Ke7 40. Kd2 Kd6 41. Bg7 Kd5 42. Bxh6 e5 43. fxe5 Kxe5 44. Bf8 b3 45. Bg7+ 1/2-1/2